| 000 | 00538nam a2200145 a 4500 | ||
|---|---|---|---|
| 001 | 2586 | ||
| 003 | CDMR | ||
| 005 | 20130116135233.0 | ||
| 008 | 130130s2001||||||||||||||||||||||||||||d | ||
| 040 |
_aCDMR _bcat _cCPC GIRONA |
||
| 100 | 1 |
_aSolé, Carlota _9725 |
|
| 245 | 1 | 0 |
_aLlengua i economia a Catalunya _bAnàlisi del procés de negociació de la Llei 1/1998 del 7 de gener, de política lingüística per mitjà de la teoria de conjunts borrosos _cSolé, Carlota , Alarcón, Amado |
| 260 |
_c2001 _bInstitut d'Estudis Catalans |
||
| 942 | _cMON | ||
| 999 |
_c2586 _d2586 |
||